000 00631nam a22001817a 4500
999 _c167432
_d167432
005 20190902155634.0
010 _aENG-126396
020 _c795.00
_a978-93-86365-02-6
035 _aEN-109928
037 _bDBAD/PUB
082 _a363.720
100 _aSingh,Manoj Kumar
245 _aSwachh Bharat Abhiyan:
_cby Manoj Kumar Singh
_bVision Of Narendra Modi/
260 _bShri Sai Printographers
_c2017
_aNew Delhi
270 _a102,4787/23, Ansari Road,Darya Ganj,
_bNew Delhi
_e110002
_k011-23246222,09312220441
_mshrisaiprintographers@gmail.com
300 _av200p.
_c22cm(hb)
942 _2ddc
_cEN
_h363.720
_mSIN